E-government as Essential Component of Public Administration Development in the Slovak Republic

E-Government v Slovenskej republike a jeho úloha pri rozvoji verejnej správy v krajine. Digitálne verejné obstarávanie v Slovenskej republike.

Guardado en:
Detalles Bibliográficos
Autor principal: Králiková, Kristína
Otros Autores: Surma, Liudmila
Formato: Capítulo de libro
Lenguaje:inglés
Materias:
Etiquetas: Agregar Etiqueta
Sin Etiquetas, Sea el primero en etiquetar este registro!

MARC

LEADER 00000naa a2200000 4500
001 0261688
005 20240502074153.3
041 0 |a eng 
044 |a SK 
245 1 0 |a E-government as Essential Component of Public Administration Development in the Slovak Republic  |c Kristína Králiková, Liudmila Surma 
520 |a E-Government v Slovenskej republike a jeho úloha pri rozvoji verejnej správy v krajine. Digitálne verejné obstarávanie v Slovenskej republike. 
610 2 0 |a správa verejná 
610 2 0 |a digitalizácia 
610 2 0 |a technológie informačné 
610 2 0 |a služby verejné 
610 2 0 |a správa verejná elektronická 
610 2 0 |a sektor verejný 
100 1 |a Králiková, Kristína 
700 1 |a Surma, Liudmila